Upside-Down Typing Challenge Quiz Stats

Quiz Updated Dec 15, 2015

Challenge
Share
Tweet
Embed
Score 0/42 Timer 01:30
2 Plays Today
Clue Answer % Correct
????
100%
????
98.9%
????
98.5%
????
97.1%
????
96.5%
????
94.9%
????
93.5%
????
92.9%
????
91.8%
????
90.5%
????
89.7%
????
88.1%
????
86.3%
????
84%
????
81.5%
????
79.2%
????
75.7%
????
72.9%
????
68.7%
????
65.4%
????
61.9%
Clue Answer % Correct
????
58.9%
????
55.9%
????
50.9%
????
46.8%
????
42.6%
????
38.5%
????
32.4%
????
27.8%
????
24.4%
????
20.6%
????
18.6%
????
16%
????
13.1%
????
11%
????
8.9%
????
7.6%
????
5.3%
????
4.2%
????
3.3%
????
2.5%
????
1.7%

You're not logged in!

Compare scores with friends on all Sporcle quizzes.
Sign Up with Email
OR
Log In

You Might Also Like...

Show Comments

Extras

Top Quizzes Today


Score Distribution

Your Account Isn't Verified!

In order to create a playlist on Sporcle, you need to verify the email address you used during registration. Go to your Sporcle Settings to finish the process.